The House of Commons and monarchy / (Record no. 30966)

MARC details
000 -LEADER
campo de control de longitud fija 00555nam a2200181 i 4500
001 - NÚMERO DE CONTROL
campo de control 30966
003 - IDENTIFICADOR DE NÚMERO DE CONTROL
campo de control ES-MaACL
005 - FECHA Y HORA DE LA ÚLTIMA TRANSACCIÓN
campo de control 20251213063015.0
007 - CAMPO FIJO DE DESCRIPCIÓN FÍSICA--INFORMACIÓN GENERAL
campo de control de longitud fija t|
008 - DATOS DE LONGITUD FIJA--INFORMACIÓN GENERAL
campo de control de longitud fija 030128s1920 xxk ||||1| eng d
100 1# - ENTRADA PRINCIPAL--NOMBRE DE PERSONA
Nombre de persona Belloc, Hilaire,
Fechas asociadas al nombre 1870-1953
9 (RLIN) 27250
245 14 - MENCIÓN DEL TÍTULO
Título The House of Commons and monarchy /
Mención de responsabilidad, etc. by Hilaire Belloc.
260 ## - PUBLICACIÓN, DISTRIBUCIÓN, ETC.
Lugar de publicación, distribución, etc. London :
Nombre del editor, distribuidor, etc. George Allen and Umvin,
Fecha de publicación, distribución, etc. [1920]
300 ## - DESCRIPCIÓN FÍSICA
Extensión 188 p. ;
Dimensiones 18 cm.
610 14 - PUNTO DE ACCESO ADICIONAL DE MATERIA--NOMBRE DE ENTIDAD CORPORATIVA
Nombre de entidad corporativa o nombre de jurisdicción como elemento de entrada Gran Bretaña.
Unidad subordinada Parliament.
-- House of Commons.
9 (RLIN) 134418
852 ## - LOCALIZACIÓN
Ubicación ES-MaACL
Número de control de estantería C-2253
Holdings
Estatus retirado Estado de pérdida Estado de daño No para préstamo Biblioteca de origen Biblioteca actual Ubicación en estantería Fecha de adquisición Fuente de adquisición Total de préstamos Signatura topográfica completa Código de barras Visto por última vez Precio de reemplazo Tipo de ítem Koha
        Biblioteca del Ateneo de Madrid Biblioteca del Ateneo de Madrid Sala Palomar 17/01/2008     C-2253 1031991 23/02/2023 23/02/2023 Libro impreso